Falleras Mayores de Valencia - Estadísticas

Estadísticas generales
  • Esta prueba ha sido intentada 13 veces
    10 desde el último reinicio
  • La puntuación promedio es 22 de 92
Estadísticas de respuestas
Hint Respuesta % Correcto
2025 Berta Peiró
100%
2026 Carmen Prades
100%
2024 María Estela Arlandis
100%
2020-21 Consuelo Llobell
86%
2018 Rocío Gil
86%
2013 Begoña Jiménez
71%
2022 Carmen Martín
71%
2014 Carmen Sancho
71%
2015 Estefanía López
71%
2008 Gloria Martínez
71%
2023 Laura Mengó
71%
1981 María Amparo Marín
71%
2016 Alicia Moreno
57%
2006 Lucía Gil
57%
2017 Raquel Alario
57%
2001 Adriana Polo
43%
2010 María Pilar Giménez
43%
2019 Marina Civera
43%
1995 Raquel Giner
43%
1993 Remedios Rodrigo
43%
2012 Sandra Muñoz
43%
2002 Sara Martín
43%
1989 Covadonga Balaguer
29%
1996 Elena Muñoz
29%
1943 Elvira Gómez
29%
1936 Filo Montoro
29%
2011 Laura Caballero
29%
1982 María José Esplugues
29%
1990 María José Oliver
29%
2009 Marta Agustín
29%
1999 Sandra Bonet
29%
1997 Sandra Climent
29%
2003 Vanessa Lerma
29%
1935 Vicenta Montoro
29%
1947 Amparo Casanova
14%
1983 Begoña de la Concepción
14%
1991 Carla Muñoz Antolí-Candela
14%
1944 Carmen Asensio
14%
2005 Carmina Gueguel Massmanian
14%
1962 Elisa Antolí-Candela
14%
1970 Elisa Lassala
14%
1973 Encarna Folgado
14%
1994 Laura Segura
14%
2000 Lola Flor
14%
1971 Lourdes Pascual
14%
1949 Margarita Casanova
14%
1959 María del Carmen Colomer
14%
1987 María del Carmen Mollá
14%
1966 María de los Llanos Borso di Carminati
14%
1964 María Desamparados de Rojas
14%
1945 María Desamparados Garrigues
14%
1960 María Isabel Colomer
14%
1965 María José Cármena
14%
1986 María José Herrero
14%
1954 María Miguela Carpi
14%
1961 María Victoria Lamo de Espinosa
14%
1950 María Victoria Noguera
14%
1988 Marta Querol
14%
2007 Marta Reglero
14%
1992 Mónica Palmer
14%
2004 Noelia Soria
14%
1956 Paquita Iborra
14%
1951 Pilar Ibáñez
14%
1998 Susana Remohí
14%
1934 Amparo Albors
0%
1946 Amparo Ibáñez
0%
1969 Amparo Llobet
0%
1978 Ángeles Vidal
0%
1976 Carmen Serratosa
0%
1953 Consuelo Cánovas
0%
1932 Cruz Robles y Consuelo Cariñena
0%
1985 Esther Silleras
0%
1933 Leonor Aznar
0%
1975 Macarena Cañamás
0%
1931 María Ángeles Algarra
0%
1963 María Antonia Moret
0%
1980 María del Carmen Dolz
0%
1974 María del Carmen Jarabo
0%
1955 María Desamparados Taulet
0%
1967 María Dolores Palmero
0%
1958 María Encarnación Amorós
0%
1984 María José Ariza
0%
1968 María José Lleó
0%
1948 María Julia Martínez de Vallejo
0%
1941 María Luisa Aranda
0%
1940 María Luisa Aranda
0%
1942 María Luisa Prats
0%
1979 María Luz Fos
0%
1952 Rosario Violante
0%
1957 Sagrario Fernandez de Córdoba
0%
1972 Sol Bacharach
0%
1977 Teresa Martínez-Hueso
0%
No se encontraron pruebas coincidentes
Distribución de puntuación
Porcentaje de gente con cada puntuación
Porcentaje por número respondido
Historial de tus puntuaciones
No has intentado esta prueba desde el último reinicio